| 000 | 00893nam a22002537a 4500 | ||
|---|---|---|---|
| 999 |
_c64548 _d64548 |
||
| 005 | 20240530110737.0 | ||
| 008 | 180904s2006 ua a g b 000 0 ara d | ||
| 017 |
_a2005/22538 _bمصر. دار الكتب |
||
| 020 | _a9774080718 | ||
| 040 |
_aEG-CaGPL _cEG-CaGPL |
||
| 082 | 0 | 4 |
_221 _a212.6\ _bط و |
| 100 | 0 | _aطارق عبدالله | |
| 245 | 1 | 2 |
_aالوحدة الوطنية فى الاسلام / _cتأليف طارق عبدالله |
| 250 | _aط.1 | ||
| 260 |
_aالقاهرة : _bدار الفاروق للنشر والتوزيع، _c2006 . |
||
| 300 |
_a80 ص. ؛ _c24 سم. |
||
| 650 | 0 | 7 |
_aالتوحيد _2qrmak |
| 650 | 0 | 7 | _aالمعاهدات الاسلامية |
| 650 | 0 | 7 | _aالوحدة الوطنية فى الاسلام |
| 650 | 0 | 7 |
_aالوحدة الوطنية _2qrmak |
| 651 | _2qrmak | ||
| 942 |
_2ddc _cBK |
||